Forest certification schemes are undermining sustainability (Record no. 117164)
[ view plain ]
| 000 -LEADER | |
|---|---|
| fixed length control field | 02146cam a2200253 4500 |
| 001 - CONTROL NUMBER | |
| control field | ABS67673 |
| 008 - FIXED-LENGTH DATA ELEMENTS--GENERAL INFORMATION | |
| fixed length control field | 040402n2004 000 0 eng u |
| 035 ## - SYSTEM CONTROL NUMBER | |
| System control number | (Sirsi) u125732 |
| 245 ## - TITLE STATEMENT | |
| Title | Forest certification schemes are undermining sustainability |
| 260 ## - PUBLICATION, DISTRIBUTION, ETC. | |
| Date of publication, distribution, etc. | 2004 |
| 490 ## - SERIES STATEMENT | |
| Series statement | ENDS Report |
| Volume/sequential designation | (349) February 2004, 36(1) |
| 520 ## - SUMMARY, ETC. | |
| Summary, etc. | A report by FERN, a UK-based forest protection group, compares eight forest certification schemes. The report, "Footprints in the forest", concludes that the increasing number of schemes is causing confusion in the marketplace and hampering efforts to improve forest management. The World Business Council for Sustainable Development (WBCSD) has also launched an initiative to deal with the crisis over certification schemes. WBCSD also argues that the proliferation of schemes is the largest obstacle to promoting sustainable development in the forestry sector, using a report, "Towards a sustainable paper cycle", by the International Institute for Environment and Development as support for its argument. "Footprints in the forest" is available on the FERN website, www.fern.org. "Towards a sustainable paper cycle" is available at www.wbcsd.ch together with the discussion paper "Forest certification systems and the legitimacy thresholds model". |
| 590 ## - LOCAL NOTE (RLIN) | |
| Local note | ABS |
| 590 ## - LOCAL NOTE (RLIN) | |
| Local note | ABS |
| 650 ## - SUBJECT ADDED ENTRY--TOPICAL TERM | |
| Topical term or geographic name entry element | SUSTAINABLE FORESTRY |
| 650 ## - SUBJECT ADDED ENTRY--TOPICAL TERM | |
| Topical term or geographic name entry element | FOREST MANAGEMENT |
| 650 ## - SUBJECT ADDED ENTRY--TOPICAL TERM | |
| Topical term or geographic name entry element | SUSTAINABLE DEVELOPMENT |
| 690 ## - LOCAL SUBJECT ADDED ENTRY--TOPICAL TERM (OCLC, RLIN) | |
| Topical term or geographic name as entry element | RURAL-AGRICULTURE AND FORESTRY |
| 856 ## - ELECTRONIC LOCATION AND ACCESS | |
| Uniform Resource Identifier | <a href="https://www.wbcsd.ch/web/projects/forestry/iied-paper-report.pdf">https://www.wbcsd.ch/web/projects/forestry/iied-paper-report.pdf</a> |
| Public note | View "Towards a sustainable paper cycle" (pdf) on the WBCSD website... |
| 856 ## - ELECTRONIC LOCATION AND ACCESS | |
| Uniform Resource Identifier | <a href="https://www.wbcsd.ch/web/projects/forestry/ltm.pdf">https://www.wbcsd.ch/web/projects/forestry/ltm.pdf</a> |
| Public note | View "Forest certification systems and the legitimacy thresholds model" (pdf) on the WBCSD website... |
| 856 ## - ELECTRONIC LOCATION AND ACCESS | |
| Uniform Resource Identifier | <a href="https://www.wbcsd.ch/web/projects/forestry/iied-paper-report.pdf">https://www.wbcsd.ch/web/projects/forestry/iied-paper-report.pdf</a> |
| Public note | View "Towards a sustainable paper cycle" (pdf) on the WBCSD website... |
| 856 ## - ELECTRONIC LOCATION AND ACCESS | |
| Uniform Resource Identifier | <a href="https://www.wbcsd.ch/web/projects/forestry/ltm.pdf">https://www.wbcsd.ch/web/projects/forestry/ltm.pdf</a> |
| Public note | View "Forest certification systems and the legitimacy thresholds model" (pdf) on the WBCSD website... |
| 942 ## - ADDED ENTRY ELEMENTS (KOHA) | |
| Suppress in OPAC | 0 |
| Withdrawn status | Lost status | Source of classification or shelving scheme | Damaged status | Not for loan | Home library | Current library | Shelving location | Date acquired | Total Checkouts | Full call number | Barcode | Date last seen | Copy number | Price effective from | Koha item type |
|---|---|---|---|---|---|---|---|---|---|---|---|---|---|---|---|
| Dewey Decimal Classification | London | London | Journal article | 02/04/2004 | ABS67673 | 125732-1001 | 06/08/2019 | 1 | 06/08/2019 | Journal article |